000 00482nam a22001577a 4500
005 20260421114330.0
008 260421b |||||||| |||| 00| 0 eng d
020 _a9780273646877
050 _aJF1351 EXP
245 _aExploring Public Sector Strategy
_cedited by Gerry Johnson & Kevan Scholes
260 _aHarlow, England
_bFinancial Times Prentice Hall
_c2001
300 _axxii. 326p.
_bill.
_c23.5cm
700 _aJohnson, Gerry
700 _aScholes, Kevan
942 _2lcc
_cBK
_n0
999 _c9345
_d9345